Statistics for Singers With Stars On The Hollywood Walk Of Fame

Click here to take the quiz!

General Stats

  • This quiz has been taken 93 times
    (86 since last reset)
  • The average score is 56 of 147

Answer Stats

Hint Answer % Correct
ThrillerMichael Jackson
93%
My Heart Will Go OnCeline Dion
90%
All For YouJanet Jackson
81%
Hound DogElvis Presley
81%
Bohemian RhapsodyQueen
79%
Livin' La Vida LocaRicky Martin
79%
Your SongElton John
79%
RespectAretha Franklin
76%
ImagineJohn Lennon
76%
My WayFrank Sinatra
74%
Genie In A BottleChristina Aguilera
74%
ToxicBritney Spears
71%
Hips Don't LieShakira
71%
What A Wonderful WorldLouis Armstrong
69%
Stayin' AliveBee Gees
69%
Don't Stop Believin'Journey
66%
Surfin' USABeach Boys
66%
These Boots Are Made For Walkin'Nancy Sinatra
64%
Summer Of 69Bryan Adams
64%
Can't Buy Me LoveBeatles
64%
It's Not UnusualTom Jones
62%
JoleneDolly Parton
62%
That's AmoreDean Martin
62%
No Woman, No CryBob Marley
62%
Live And Let DiePaul McCartney
60%
Chain ReactionDiana Ross
60%
Ring Of FireJohnny Cash
60%
White ChristmasBing Crosby
59%
YMCAVillage People
59%
Light My FireDoors
59%
Simply The BestTina Turner
57%
Purple HazeJimi Hendrix
57%
Let's Get It OnMarvin Gaye
57%
Pretty WomanRoy Orbison
55%
Tutti FruttiLittle Richard
55%
Georgia On My MindRay Charles
53%
Great Balls Of FireJerry Lee Lewis
53%
School's OutAlice Cooper
53%
MandyBarry Manilow
52%
You're The First, The Last, My EverythingBarry White
52%
Isn't She LovelyStevie Wonder
52%
Sweet CarolineNeil Diamond
52%
Life On MarsDavid Bowie
50%
My Sweet LordGeorge Harrison
50%
In The Air TonightPhil Collins
50%
Over The RainbowJudy Garland
50%
HeroMariah Carey
50%
TapestryCarole King
50%
My Ding-A-LingChuck Berry
50%
Maggie MayRod Stewart
50%
Stand By MeBB King
48%
Midnight Train To GeorgiaGladys Knight
48%
PhysicalOlivia Newton-John
48%
I Want It That WayBackstreet Boys
47%
At LastEtta James
45%
Baby LoveSupremes
45%
FootlooseKenny Loggins
45%
My GirlTemptations
45%
That Don't Impress Me Much!Shania Twain
45%
Daydream BelieverMonkees
43%
UnforgettableNat 'King' Cole
43%
We Didn't Start The FireBilly Joel
43%
Papa's Got A Brand New BagJames Brown
43%
That'll Be The DayBuddy Holly
43%
Music To Watch Girls ByAndy Williams
41%
I Left My Heart In San FranciscoTony Bennett
41%
Fields Of GoldSting
41%
Close To YouCarpenters
40%
SurvivorDestiny's Child
40%
Tears Of A ClownSmokey Robinson
40%
Rock 'n' Roll All NightKISS
40%
La BambaRitchie Valens
38%
It Don't Come EasyRingo Starr
36%
SmoothCarlos Santana
36%
Blueberry HillFats Domino
36%
Rhinestone CowboyGlen Campbell
36%
You Send MeSam Cooke
34%
Dancing On The CeilingLionel Richie
34%
Reach Out I'll Be ThereFour Tops
34%
In The MoodGlenn Miller
33%
Rock Around The ClockBill Haley
33%
RioDuran Duran
33%
Annie's SongJohn Denver
33%
DreamsFleetwood Mac
33%
GhostbustersRay Parker Jr.
31%
Wake Up Little SusieEverly Brothers
31%
Friends In Low PlacesGarth Brooks
31%
SeptemberEarth, Wind & Fire
31%
Bitches BrewMiles Davis
31%
HappyPharrell Williams
31%
Mack The KnifeBobby Darin
31%
Hot StuffDonna Summer
31%
If You Had My LoveJennifer Lopez
29%
CrazyPatsy Cline
29%
LucilleKenny Rogers
29%
InseparableNatalie Cole
29%
Walk On ByDionne Warwick
28%
DianaPaul Anka
28%
I'll Make Love To YouBoyz II Men
28%
Opposites AttractPaula Abdul
28%
From A DistanceBette Midler
28%
If You Leave Me NowChicago
26%
ABCJacksons
26%
Lady MarmaladePatti LaBelle
26%
Poor Little FoolRicky Nelson
24%
AloneHeart
24%
JumpPointer Sisters
22%
The Banana Boat SongHarry Belafonte
22%
How Am I Supposed To Live Without YouMichael Bolton
22%
Dream A Little Dream Of MeElla Fitzgerald
22%
Dance With My FatherLuther Vandross
21%
I Feel For YouChaka Khan
19%
ChangesOzzy Osbourne
17%
The JokerSteve Miller Band
17%
Kickstart My HeartMotley Crue
16%
Crazy HorsesOsmonds
16%
I Am WomanHelen Reddy
16%
CongaGloria Estefan
16%
November RainSlash
16%
Release MeEngelbert Humperdinck
16%
Somebody Else Is Taking My PlacePeggy Lee
14%
SummertimeBillie Holiday
14%
Singing The BluesGuy Mitchell
14%
The Lion Sleeps TonightNeil Sedaka
14%
Begin The BeguineJulio Iglesias
14%
You Ain't Woman EnoughLoretta Lynn
14%
SpotlightJennifer Hudson
10%
I've Gotta Be MeSammy Davis Jr.
10%
Give It UpKC & The Sunshine Band
10%
My Dreams Are Getting Better All The TimeDoris Day
9%
Why Do Fools Fall In Love?Frankie Lymon
7%
Be My GirlNew Kids On The Block
7%
Wonderful! Wonderful!Johnny Mathis
7%
Ain't That A ShamePat Boone
7%
Look To Your HeartPerry Como
7%
Sweet LoveAnita Baker
5%
I Can't Make You Love MeBonnie Raitt
5%
Rose MarieSlim Whitman
5%
Nothing's ShockingJane's Addiction
2%
The PrayerAndrea Bocelli
2%
Over And OverTim McGraw
2%
The Song From The Moulin RougeMantovani
2%
Breezin'George Benson
2%
What Hurts The MostRascal Flatts
2%
Where Is My ManEartha Kitt
2%
How BlueReba McEntire
0%
BreathlessKenny G
0%

Score Distribution

Percentile by Number Answered

Percent of People with Each Score

Your Score History

You have not taken this quiz since the last reset